La ciudad hábitat de diversidad y complejidad (Registro nro. 53062)

Detalles MARC
000 -ENCABEZADO
Número de control [NR] 01155nam a2200289Ia 4500
005 - FECHA Y HORA DE LA ÚLTIMA TRANSACCIÓN
control field 20211111074633.0
008 - DE LONGITUD FIJA DE DATOS DE ELEMENTOS - INFORMACIÓN GENERAL
Elementos de longitud fija [NR] 130821s2002 ck gr spa
020 ## - NUMERO INTERNACIONAL NORMALIZADO PARA LIBROS [R]
Número Internacional Normalizado del libro [NR] 9587011295
040 ## - FUENTE DE CATALOGACION [NR]
Agencia de catalogación original [NR] Co-BoUCM
Idioma de catalogación [NR] spa
041 00 - CODIGO DE IDIOMA [R]
Código de idioma para texto/pista de sonido o título separado [R] Español
111 1# - ASIENTO PRINCIPAL--NOMBRE DE REUNION [NR]
Nombre de reunión o de jurisdicción como elemento de entrada [NR] Cátedra Manuel Ancízar. Pensar la ciudad: una mirada hacia el próximo milenio.Facultad de Artes (I-1999)
9 (RLIN) 163562
245 13 - MENCION DE TITULO [NR]
Título [NR] La ciudad hábitat de diversidad y complejidad
Mención de responsabilidad, etc. [NR] Carlos Alberto Torres Tovar, compiladores
250 ## - MENCION DE EDICION [NR]
Mención de edición [NR] 2a. ed.
260 ## - PUBLICACION, DISTRIBUCION, ETC. (PIE DE IMPRENTA) [R]
Lugar de publicación, distribución, etc. [R] Bogotá (Colombia)
Nombre del editor, distribuidor, etc. [R] Universidad Nacional de Colombia
Fecha de publicación, distribución, etc. [R] 2002
300 ## - DESCRIPCION FISICA [R]
Extensión [R] 349 páginas
504 ## - NOTA DE BIBLIOGRAFIA, ETC. [R]
Nota de bibliografía, etc. [NR]
650 04 - ASIENTO SECUNDARIO DE MATERIA - TERMINO TEMATICO [R]
Término temático o nombre geográfico como elemento de entrada [NR] Ciudades y pueblos
Subdivisión de forma [R] Aspectos sociales
Subdivisión geográfica [R] Colombia
9 (RLIN) 10961
650 04 - ASIENTO SECUNDARIO DE MATERIA - TERMINO TEMATICO [R]
Término temático o nombre geográfico como elemento de entrada [NR] Ciudades y pueblos
Subdivisión general [R] Arquitectura
Subdivisión geográfica [R] Colombia
9 (RLIN) 10961
650 04 - ASIENTO SECUNDARIO DE MATERIA - TERMINO TEMATICO [R]
Término temático o nombre geográfico como elemento de entrada [NR] Sociología urbana
Subdivisión geográfica [R] Colombia
9 (RLIN) 45140
650 04 - ASIENTO SECUNDARIO DE MATERIA - TERMINO TEMATICO [R]
Término temático o nombre geográfico como elemento de entrada [NR] Sociología
9 (RLIN) 386
650 04 - ASIENTO SECUNDARIO DE MATERIA - TERMINO TEMATICO [R]
Término temático o nombre geográfico como elemento de entrada [NR] Urbanismo
9 (RLIN) 25989
650 04 - ASIENTO SECUNDARIO DE MATERIA - TERMINO TEMATICO [R]
Término temático o nombre geográfico como elemento de entrada [NR] Urbanismo
Subdivisión geográfica [R] Colombia
9 (RLIN) 45141
700 1# - ASIENTO SECUNDARIO - NOMBRE PERSONAL [R]
Nombre personal [NR] Torres Tovar, Carlos Alberto
9 (RLIN) 163563
710 1# - ASIENTO SECUNDARIO - NOMBRE CORPORATIVO [R]
Nombre corporativo o de jurisdicción como elemento de entrada [NR] Universidad Nacional de Colombia (Bogotá).
Unidad subordinada [R] Facultad de Artes
9 (RLIN) 141820
942 ## - ELEMENTOS DE ENTRADA AGREGADOS (KOHA)
Tipo de ítem principal el descrito en 300a Libro
Tema principal Sociología
Edición 2
Parte restante de la signatura top. C357c
Sistema de clasificación DEWEY
Clasificación 307.76
Existencias
Fecha de último préstamo Total préstamos Signatura topográfica Código de barras Última vez visto Volúmen / Fascículo Ejemplar Price effective from Tipo de ítem Perdido Sistema de clasificación Dañado No prestable Tipo de ítem específico Suprimido Ubicación habitual Ubicación actual Localización Fecha de creación Forma de adquisición Costo
22/05/2012 10 307.76 C357c 100085919 10/12/2025 2a. Ed. Ej.1 03/02/2013 Libro   DEWEY     Libro   Claustro Claustro 2do piso 30/09/2007 Compra 25000.00